MARC details
| 000 -CABECERA |
| campo de control de longitud fija |
01374cam a2200265 a 4500 |
| 001 - NÚMERO DE CONTROL |
| campo de control |
000003770 |
| 005 - FECHA Y HORA DE LA ÚLTIMA TRANSACCIÓN |
| campo de control |
20200929150549.0 |
| 008 - DATOS DE LONGITUD FIJA--INFORMACIÓN GENERAL |
| campo de control de longitud fija |
731003s1972 ag 001 0bspa d |
| 040 ## - FUENTE DE LA CATALOGACIÓN |
| Centro catalogador/agencia de origen |
DO-SdBNP |
| Lengua de catalogación |
spa |
| Centro/agencia transcriptor |
BNPHU |
| 082 ## - NÚMERO DE LA CLASIFICACIÓN DECIMAL DEWEY |
| Número de clasificación |
813.52 |
| Número de documento/Ítem |
F553mzL |
| 100 1# - ENTRADA PRINCIPAL--NOMBRE DE PERSONA |
| Nombre de persona |
Lehan, Richard Daniel, |
| Fechas asociadas al nombre |
1930- |
| 9 (RLIN) |
11470 |
| 240 10 - TÍTULO UNIFORME |
| Título uniforme |
F. Scott Fitzgerald and the craft of fiction. |
| Lenguaje de la obra |
Español |
| 245 13 - MENCIÓN DE TÍTULO |
| Título |
El mundo de Scott Fitzgerald / |
| Mención de responsabilidad, etc. |
Richard D. Lehan; traducción de María Teresa La Valle y Marcelo Pérez Rivas. |
| 260 ## - PUBLICACIÓN, DISTRIBUCIÓN, ETC. |
| Lugar de publicación, distribución, etc. |
Buenos Aires : |
| Nombre del editor, distribuidor, etc. |
Rodolfo Alonso, |
| Fecha de publicación, distribución, etc. |
1972. |
| 300 ## - DESCRIPCIÓN FÍSICA |
| Extensión |
233 p. ; |
| Dimensiones |
18 cm. |
| 490 1# - MENCIÓN DE SERIE |
| Mención de serie |
Letra viva |
| 505 0# - NOTA DE CONTENIDO CON FORMATO |
| Nota de contenido con formato |
Prefacio / Harry T. Moore -- Introducción -- F. Scott Fitzgerald y la tradición romántica -- La ironía y los tres niveles del tiempo -- A este lado del Paraíso -- Los hermosos y malditos -- El gran Gatsby -- Tierna es la noche -- El Conde de las tinieblas. El último magnate. Los cuentos de Pat Hobby -- Los límites de la visión. |
| 534 ## - NOTA SOBRE LA VERSIÓN ORIGINAL |
| Frase introductoria |
Título original: |
| Mención de título del original |
F. Scott Fitzgerald and the craft of fiction. |
| 650 #4 - PUNTO DE ACCESO ADICIONAL DE MATERIA--TÉRMINO DE MATERIA |
| Término de materia o nombre geográfico como elemento de entrada |
Novela estadounidense |
| Subdivisión general |
Siglo xx |
| 9 (RLIN) |
11471 |
| 650 #4 - PUNTO DE ACCESO ADICIONAL DE MATERIA--TÉRMINO DE MATERIA |
| Término de materia o nombre geográfico como elemento de entrada |
Literatura |
| Subdivisión cronológica |
SIGLO XX |
| Subdivisión de forma |
NOVELA. |
| 9 (RLIN) |
11472 |
| 600 14 - PUNTO DE ACCESO ADICIONAL DE MATERIA--NOMBRE DE PERSONA |
| Nombre de persona |
FITZGERALD, F. SCOTT |
| Forma completa/desarrollada del nombre |
(FRANCIS SCOTT), |
| Fechas asociadas al nombre |
1896-1940 |
| Subdivisión general |
CRITICA E INTERPRETACION. |
| 9 (RLIN) |
11473 |
| 700 1# - PUNTO DE ACCESO ADICIONAL--NOMBRE DE PERSONA |
| Nombre de persona |
La Valle, María Teresa, |
| Término indicativo de función/relación |
tr. |
| 9 (RLIN) |
11474 |
| 700 1# - PUNTO DE ACCESO ADICIONAL--NOMBRE DE PERSONA |
| Nombre de persona |
Pérez Rivas, Marcelo, |
| Término indicativo de función/relación |
tr. |
| 9 (RLIN) |
11475 |
| 830 #0 - PUNTO DE ACCESO ADICIONAL DE SERIE-TÍTULO UNIFORME |
| Título uniforme |
Letra viva |
| 9 (RLIN) |
5252 |